Demand will lift land prices by 7% (Record no. 77055)

MARC details
000 -LEADER
fixed length control field 00893cab a2200193 4500
001 - CONTROL NUMBER
control field ##L133518
008 - FIXED-LENGTH DATA ELEMENTS--GENERAL INFORMATION
fixed length control field 060516n2006 000 0 eng u
035 ## - SYSTEM CONTROL NUMBER
System control number (Sirsi) u133518
041 0# - LANGUAGE CODE
Language code of text/sound track or separate title eng
100 1# - MAIN ENTRY--PERSONAL NAME
Personal name Shirley, Andrew
245 00 - TITLE STATEMENT
Title Demand will lift land prices by 7%
260 ## - PUBLICATION, DISTRIBUTION, ETC.
Date of publication, distribution, etc. 2006
490 #0 - SERIES STATEMENT
Series statement Farmers' Weekly
Volume/sequential designation 144(19) 12 May 2006, 26(1)
520 ## - SUMMARY, ETC.
Summary, etc. Knight Frank forecasts a 7% increase in agricultural land values this year on the back of strengthening farmer demand. The slight slippage in bareland values in the first quarter of 2006 is seen as blip rather than a pattern. Demand has risen by 10% over the first three months of the year and much of the increased demand has come from commercial farmers. Table.
590 ## - LOCAL NOTE (RLIN)
Local note IKA230506
651 #4 - SUBJECT ADDED ENTRY--GEOGRAPHIC NAME
Geographic name England and Wales
Chronological subdivision 1543-
690 ## - LOCAL SUBJECT ADDED ENTRY--TOPICAL TERM (OCLC, RLIN)
Topical term or geographic name as entry element PROPERTY-RURAL AND NATURAL ASSETS-RURAL AND NATURAL ASSET MARKET
942 ## - ADDED ENTRY ELEMENTS (KOHA)
Suppress in OPAC 0
Holdings
Withdrawn status Lost status Source of classification or shelving scheme Damaged status Not for loan Home library Current library Shelving location Date acquired Total Checkouts Full call number Barcode Date last seen Copy number Price effective from Koha item type
    Dewey Decimal Classification     London London Journal article 16/05/2006   L133518 133518-1001 06/08/2019 1 06/08/2019 Journal article